000
00324nam a2200121Ia 4500
008
220204s9999 xx 000 0 und d
082
_a
678.065
_b
ARV
100
_a
Arvind S Ghag
245
0
_a
Giant tyres for Indian conditions
260
_a
Bombay
_b
Polymer communications
_c
1976
650
_a
Tyre manufacturing
942
_c
BK
999
_c
24226
_d
24226